Name That Indie Band - Statistics

General Stats
  • This quiz has been taken 583 times
  • The average score is 5 of 15
Answer Stats
Hint Answer % Correct
Pompeii Bastille
85%
Breezeblocks Alt-J
71%
Mardy Bum Arctic Monkeys
68%
Skinny Love Bon Iver
66%
Midnight City M83
54%
The Mother We Share Chvrches
35%
The Wire Haim
26%
Young Folks Peter Bjorn & John
14%
Fred Astaire San Cisco
12%
Knife Grizzly Bear
7%
Pumpin Blood Nonono
7%
Post Acid Wavves
5%
The Bad In Each Other Feist
3%
Broadripple Is Burning Margot & The Nuclear So and So's
2%
No Stranger Small Black
2%
No matching quizzes found
Score Distribution
Percent of People with Each Score
Percentile by Number Answered
Your Score History
You have not taken this quiz